000 00635nam a2200181Ia 4500
008 090630s9999 xx 000 0 und d
082 _b14183
100 _aडॉ. बडे इंदुभुषण.
245 _aसंस्कार धन.
_cडॉ. बडे इंदुभुषण.
260 _bमनोरमा - मुंबई.
_c1996
300 _a176
600 _aडॉ. बडे इंदुभुषण.
630 _aसंस्कार धन.
655 _aधार्मिक.
700 _aडॉ. बडे इंदुभुषण.
730 _aसंस्कार धन.
942 _cBOOK
999 _c266039
_d266039